| 000 | 00772cam a2200265Ia 4500 | ||
|---|---|---|---|
| 999 |
_c9602 _d9602 |
||
| 001 | 24610653 | ||
| 003 | OCoLC | ||
| 005 | 20210118161756.0 | ||
| 008 | 911023s1991 ilu 000 0 eng d | ||
| 020 | _a0802426042 | ||
| 020 | _a9780802426048 | ||
| 035 | _a(OCoLC)24610653 | ||
| 040 |
_aJBT _beng _cJBT _dOCLCQ _dOCLCF _dOCLCQ _dOCLCO _dBSC |
||
| 092 |
_a332.024 _bB9596f, 1991 |
||
| 100 | 1 | _aBurkett, Larry. | |
| 245 | 1 | 0 |
_aFinancial freedom / _cLarry Burkett. |
| 260 |
_aChicago, Ill. : _bMoody Press, _c©1991. |
||
| 300 |
_a79 pages ; _c21 cm. |
||
| 336 |
_atext _btxt _2rdacontent |
||
| 337 |
_aunmediated _bn _2rdamedia |
||
| 338 |
_avolume _bnc _2rdacarrier |
||
| 490 | 0 | _aFinance. | |
| 650 | 0 |
_aFinance, Personal _xReligious aspects _xChristianity. |
|
| 942 |
_2ddc _cBK |
||